00678nam a2200193Ia 4500008004100000020001800041082001400059100002000073245008200093250000800175260005500183300002700238500001900265600002700284650001500311942000700326952013400333999001700467240925s9999 xx 000 0 und d a9780230332003 a620.5 RAJ aNot - Available 0aNanostructure materials for electronics, energy and enviromental applications a1st aNew Delhi:bMacmillan publishers India Ltdc,2010. axxi,973p.b0fOriginal aIncludes Index aElectronic Engineering aTechnology cBK 001040708ELaUITUbUITUd2016-01-26eParamount Book Pvt Ltdg714.00l0o620.5 RAJpQ10743r2024-09-25 07:15:49w2024-09-25yBK c13242d13242